000 00346nam a2200121 4500
008 180210b xxu||||| |||| 00| 0 eng d
100 _926335
_aGuevara, Milwida M.
245 _aMaking education work/
_cMilwida M. Guevara
260 _aPhilippines
_bManila Bulletin
_cc2017
300 _apage B-11.
650 0 _926336
_aEducation.
942 _2ddc
_cPER
999 _c8543
_d8543